000 00760nam a2200265 a 4500
001 67845
003 BD-RjUL
005 20211209081711.0
008 170329r19571954enka 001 0 eng
035 _a(BD-RjUL)68054
040 _aDLC
_cGAT
_dBD-RjUL
_beng
041 _aeng
082 _223
_a539.7
_bLEA 1957
100 1 _aLenihan, J. M. A.
_9201128
245 1 0 _aAtomic energy and its applications /
_cJ. M. A. Lenihan
260 _aLondon :
_bPitman,
_c1957.
300 _axi, 267 p. :
_bill. ;
_c20 cm.
490 0 _aApplied physics series
500 _aIncludes index
650 0 _aNuclear physics.
_9201129
650 0 _aNuclear engineering.
_9117871
830 _aApplied physics series
_9201139
942 _2ddc
_cBK
999 _c67845
_d67845